Tilastot visalle Useimmin arvatut Euroopan pääkaupungit JetPunkissa

Klikkaa tästä pelataksesi tätä visaa!

Yleistilastot

  • Tätä visaa on pelattu 758 kertaa
  • Keskiarvotulos 8 / 10

Vastaustilastot

%Pääkaupunki% Oikein
96Helsinki
96%
94Tukholma
94%
94Oslo
90%
90Lontoo
89%
92Pariisi
89%
91Tallinna
84%
89Moskova
79%
90Madrid
78%
93Rooma
77%
90Reykjavik
53%

Tulosjakauma

Persentiili vastausten määrän mukaan

Jokaisen tuloksen saaneiden osuus

Tuloshistoriasi

Et ole pelannut tätä visaa